000
00324nam a22001457a 4500
008
230718b ||||| |||| 00| 0 eng d
020
_a
9780030526596
041
_a
eng
080
_a
51
082
_a
51ZOR
100
_a
23
101
_a
MATEM
245
_a
CALCULUS FROM GRAPHICAL NUMERICAL
_c
ZORN . P
942
_2
udc
_c
BK
999
_c
60151
_d
60151